Vista normal
Vista MARC
Entrada Materia (personas)
Número de registros utilizados en: 36
001 - CONTROL NUMBER
- control field: 45486
003 - CONTROL NUMBER IDENTIFIER
- control field: Co-BoUCM
005 - DATE AND TIME OF LATEST TRANSACTION
- control field: 20130918162453.0
008 - FIXED-LENGTH DATA ELEMENTS
- fixed length control field: 130918|| aca||aabn | a|a d
040 ## - CATALOGING SOURCE
- Original cataloging agency: Co-BoUCM
- Transcribing agency: Co-BoUCM
100 ## - HEADING--PERSONAL NAME
- Personal name: Balzac, Honoré de
- Dates associated with a name: 1799-1850.
670 ## - SOURCE DATA FOUND
- Source citation: Work cat.: (Co-BoUCM)76637: Balzac, Honoré de 1799-1850., Eugenia Grandet, 1977